Modrá mezi nebem a vodou /

Main Author: Abulhawa, Susan, 1967-
Other Authors: Jeníková, Jitka
Language: Czech
Published: V Praze : Plus, 2016
Edition: 1. vydání
Physical Description: 308 stran ; 21 cm
Book
Saved in:
LEADER 01387nam a2200421 i 4500
001 nkc20162803936
003 CZ PrNK
005 20160714141958.0
007 ta
008 160610s2016 xr g 000 f cze
015 |a cnb002803936 
020 |a 978-80-259-0547-0  |q (vázáno) 
035 |a (OCoLC)953517105 
040 |a BOA001  |b cze  |e rda 
041 1 |a cze  |h eng 
072 7 |a 821.111-3  |x Anglická próza, anglicky psaná  |2 Konspekt  |9 25 
080 |a 821.111-31  |2 MRF 
080 |a (0:82-31)  |2 MRF 
100 1 |a Abulhawa, Susan,  |d 1967-  |7 xx0179216  |4 aut 
240 1 0 |a Blue between sky and water.  |l Česky 
245 1 0 |a Modrá mezi nebem a vodou /  |c Susan Abulhawa ; přeložila Jitka Jeníková 
250 |a 1. vydání 
264 1 |a V Praze :  |b Plus,  |c 2016 
300 |a 308 stran ;  |c 21 cm 
336 |a text  |b txt  |2 rdacontent 
337 |a bez média  |b n  |2 rdamedia 
338 |a svazek  |b nc  |2 rdacarrier 
500 |a Přeloženo z angličtiny 
504 |a Obsahuje bibliografické odkazy 
655 7 |a anglicky psané romány  |7 fd131805  |2 czenas 
655 9 |a fiction in English  |2 eczenas 
700 1 |a Jeníková, Jitka  |7 xx0126826  |4 trl 
910 2 |a BOA001  |b 2-1367.893 
928 9 |a Albatros Media - Plus 
990 |a BK 
995 |a 01 
991 |b 201606  |c NOV 
996 6 |b 2610673549  |c 2-1367.893  |l MZK  |r Sklad / do 1 hodiny  |n 0  |p p.v.  |w 001566075  |u 000010  |a 1  |e BOA001  |j MZK50  |s P